| 000 | 00848nam a2200301 a 4500 | ||
|---|---|---|---|
| 003 | AR-BaBNM | ||
| 005 | 20251128204124.0 | ||
| 008 | 082120s2002 ||||||||||||||000 | spa|| | ||
| 020 | _a950-25-2675-9 | ||
| 040 | _cAR-BaBNM | ||
| 100 | 1 | _aAlberdi, Juan Bautista | |
| 245 | 0 | 0 | _aEl escritor y la industria cultural |
| 260 |
_aBuenos Aires _bCentro Editor de América Latina _c1993 |
||
| 300 | _aiv, 109 p. | ||
| 490 | 0 | _aBiblioteca básica Argentina. Serie B | |
| 500 | _aNotas por el profesor Jorge B. Rivera | ||
| 650 | 4 | _aLITERATURA ARGENTINA | |
| 650 | 4 | _aINDUSTRIA CULTURAL | |
| 650 | 4 | _aINDEPENDENCIA ARGENTINA | |
| 650 | 4 | _aEDITORIALES | |
| 650 | 4 | _aANTOLOGIAS | |
| 650 | 4 | _aPERIODISMO | |
| 655 | _aLITERATURA | ||
| 700 | 1 | _aPayro, Roberto J. | |
| 700 | 1 |
_aRivera, Jorge B. _ecompilador |
|
| 942 | _cBK | ||
| 998 | _cCarmen | ||
| 999 |
_c6260 _d6260 |
||